00751 a2200157 4500082001000000100004000010245011200050260008000162300003300242500008800275700004100363856005700404942002300461999001700484952009200501 aBEE-5 aSyed Muhammad Maesam Hussain993282 aImplementation of swarm intelligence algorithms on multiple robots using JADEcSyed Muhammad Maesam Hussain aIslamabadbNUST School of Electrical Engineering and Computer Sciencec2012 a37p.b:ill.c:27cm.+eCD-ROM aSupervisors: Mr. Shamyl Bin Mansoor, Dr. Peter Charles Bloodworth, Dr. Osman Hassan aIbrahim Bashir, Athar Mushtaq993283 uhttp://10.250.8.41:8080/xmlui/handle/123456789/29059 cPRkBEE-5 MAE2ddc c11285d11285 02102ddc4070aCLbCLd2022-07-06oBEE-5 MAEpSEECSP01155r2012-11-14w2012-11-14yPR